LEADER 02545nam a2200397 a 4500 001 000000117105 003 CaOOAMICUS 005 20090925112042.0 008 090925s1540 gw u001 u lat r 026 $avten e-id$ba-i* rafo (3)$c1540 (R) 040 $aPUL$bita$dRoss 041 0 $alat$hgrc 100 0 $aPlotinus,$d203/6-270.$0(OLS)http://pul/name/5766 245 10$aPlotini ... de rebus philosophicis libri LIIII. in enneades sex distributi, a Marsilio Ficino Florentino e graeca lingua in latinam versi, et ab eodem doctissimis commentarijs illustrati. 246 30$aDe rebus philosophicis libri LIIII. in enneades sex distributi, a Marsilio Ficino Florentino e graeca lingua in latinam versi, et ab eodem doctissimis commentarijs illustrati 260 $a[Solingen] :$bapud Salingiacum Ioannes Soter excudebat,$c1540. 300 $a[8], CC, CCIII, [1] c. ;$cfol. (32 cm) 500 $aSegnatura: AA8 a-z6 aa-ii6 kk-ll4 A-Z Aa-Kk6 Ll-Mm4 500 $aIniziali ornate xil. 662 $aGermania$dSolingen.$0(OLS)http://pul/subject/35713 700 1 $aFicino, Marsilio,$d1433-1499.$0(OLS)http://pul/name/13395 700 0 $aPlotinus,$d203/6-270.$tEnneades.$0(OLS)http://pul/nameTitle/312$0(OLS)http://pul/name/5766$0(OLS)http://pul/title/132184 710 0 $aSoter, Johann$4pbl.$0(OLS)http://pul/name/70892 850 $aPUL 852 $aPUL$W1$xDP1 Antico 500$y12$m82 H 14$j134326$qStampati Antico$B133308$CPULBib$Z2$F133308 $82 856 0$uhttp://aquabrowser.pul.it/cinquecentine/82H14-1.jpg 856 0$uhttp://aquabrowser.pul.it/cinquecentine/82H14-2.jpg 856 0$uhttp://aquabrowser.pul.it/cinquecentine/82H14-3.jpg 856 0$uhttp://aquabrowser.pul.it/cinquecentine/82H14-4.jpg 900 $aPlotino,$d203/6-270$95766 900 $aPlotino,$d203/6-270$95766 941 1 $a15 961 $aMs. sul front.: "Colleg. Rom. Soc. Jesu".Timbro della "Biblioteca Pia Pont. Seminarii Romani" sul front.Precedente coll.: "Cat. inscr. C. 2". 996 $6246$aDe rebus philosophicis libri LIIII. in enneades sex distributi, a Marsilio Ficino Florentino e graeca lingua in latinam versi, et ab eodem doctissimis commentarijs illustrati$9(OLS)http://pul/title/147333 996 $6245$aPlotini ... de rebus philosophicis libri LIIII. in enneades sex distributi, a Marsilio Ficino Florentino e graeca lingua in latinam versi, et ab eodem doctissimis commentarijs illustrati$9(OLS)http://pul/title/147332 996 $6260$a[Solingen] :$bapud Salingiacum Ioannes Soter excudebat$9(OLS)http://pul/publisher/80672 LEADER 01506nam a2200313 a 4500 001 000000175108 003 CaOOAMICUS 005 20220407152310.0 008 220407s2013 it o 000 udita r 032 $aLibriCat 040 $aPUL$bita 082 04$a305.42 100 1 $aYousafzai, Malala.$0(OLS)http://pul/name/111059 240 10$aI am Malala.$lItaliano.$0(OLS)http://pul/title/216519 245 00$aIo sono Malala : $bla mia battaglia per la libertà e l'istruzione delle donne /$cMalala Yousafzai con Christina Lamb; traduzione dall'inglese di Stefania Cherchi. 260 $aMilano :$bCorriere della Sera,$c2013. 300 $a284 p. :$bfotografie a colori ;$c21 cm 650 4$aDonne nell'Islam.$0(OLS)http://pul/subject/35321 650 4$aFanciulli$xEducazione$zPakistan.$0(OLS)http://pul/subject/46591 650 4$aDonne e società$zPakistan.$0(OLS)http://pul/subject/46592 700 1 $aLamb, Christina.$0(OLS)http://pul/name/112587 700 1 $aCherchi, Stefania.$0(OLS)http://pul/name/112588 850 $aPUL 852 $aPUL$W1$xSL Diritto e Scienze Sociali 3$y79$m305. 42 YOUMA 1$j199379$qDDC 21$B204077$CPULBib$Z2$F204077 $H135526 $82 941 1 $a9 996 $6082$a305.42$9(OLS)http://pul/classification/1874 996 $6245$aIo sono Malala : $bla mia battaglia per la libertà e l'istruzione delle donne$9(OLS)http://pul/title/216518 996 $6260$aMilano :$bCorriere della Sera$9(OLS)http://pul/publisher/81487